Loading...

CHEMICAL SPECTROSCOPY

Bibliographic Details
Main Author: DODD R E
Format: Printed Book
Published: NEWYORK ELSEVIER PUBLISHING CO. 1962
Subjects:
LEADER 00548nam a2200181 4500
020 |c 48 
082 |a 543.085 8 DOD 
100 |a DODD R E 
245 |a CHEMICAL SPECTROSCOPY  |h ENGLISH 
250
260 |a NEWYORK  |b ELSEVIER PUBLISHING CO.  |c 1962 
300 |a 340  |f HB 
500 |a   
590 |d SHILLI 48 
650 |a CHEMICAL SPECTROSCOPY 
942 |c BK 
999 |c 119440  |d 119440 
952 |0 0  |1 0  |4 0  |6 543_085000000000000_8_DOD  |7 0  |9 132905  |a CHE  |b CHE  |g 48.00  |l 0  |o 543.085 8 DOD  |p CHE748  |r 2019-10-15  |w 2019-10-15  |y BK